Word Ladder: Mortal Kombat Finisher Quiz Stats

 Plays Quiz Updated Aug 11, 2016

Score 0/24 Timer 03:00
2 Plays Today
Hint 3-Letter Word % Correct
Obese or corpulent©FAT©
98.1%
In good physical shape FIT
97.1%
Boxer Muhammad©ALI©
95.9%
One younger than a teenagerKID
93.3%
Sum up numbersADD
93.1%
Limb extending from the shoulderARM
92.8%
Everyone or encompassingALL
92.7%
Create a knotTIE
92.5%
Expire or cease livingDIE
92.3%
1985 charity song: We ___ the WorldARE
92.2%
To help or assistAID
91.3%
Not bright or lacking lightDIM
91%
Hint 3-Letter Word % Correct
Look down the sights of a gun or bowAIM
90.8%
Relative of a donkeyASS
90.2%
An outfit for an association footballerKIT
89.8%
Golf ball support©TEE©
89.8%
Outlandish or out of the ordinaryODD
89.7%
Metal-bearing mineral or rockORE
89.4%
Targeted commercialsADS
89.2%
To be unwellAIL
88.3%
A lyric poemODE
87.9%
French for 'friend'AMI
86.6%
Musician's need for boosting soundAMP
85.6%
Venomous snakeASP
83.6%

Today's Daily Dose

You're not logged in!

Compare scores with friends on all Sporcle quizzes.
OR
Log In

You Might Also Like...

Show Comments

Extras

Top Quizzes Today


Score Distribution

Your Account Isn't Verified!

In order to create a playlist on Sporcle, you need to verify the email address you used during registration. Go to your Sporcle Settings to finish the process.

Report this User

Report this user for behavior that violates our Community Guidelines.

Details: